[Event "IECG CP.2002.Q.00015 email"]
[Site "IECG email"]
[Date "2003.10.01"]
[Round "?"]
[White "De Silva, Dinesh"]
[Black "Lundberg, Kenneth"]
[Result "1-0"]
[WhiteElo "2307"]
[BlackElo "1811"]
[PlyCount "105"]
[EventDate "2003.10.01"]
[EventType "tourn (corr)"]
[EventRounds "10"]
[SourceTitle "Corr 2008"]
[Source "ChessBase"]
[SourceDate "2008.06.24"]
[SourceVersion "1"]
[SourceVersionDate "2008.06.24"]
[SourceQuality "1"]

1. e4 c6 2. d4 d5 3. Nc3 dxe4 4. Nxe4 Nd7 5. Ng5 Ngf6 6. Bc4 e6 7. Qe2 Nb6 8. Bb3 h6 9. N5f3 a5 10. a4 Nbd5 11. c3 c5 12. dxc5 Bxc5 13. Ne5 0-0 14. Ngf3 b6 15. 0-0 Bb7 16. Bd2 Qc7 17. Rfe1 Rfd8 18. Rad1 Bd6 19. Bc4 Nh5 20. g3 Nhf6 21. Bb5 Rac8 22. Nd4 Bxe5 23. Qxe5 Qxe5 24. Rxe5 Nd7 25. Ree1 Nc5 26. Ra1 Ba6 27. Bxa6 Nxa6 28. Nb3 Rc7 29. Kg2 Kf8 30. Re2 Nc5 31. Nxc5 Rxc5 32. Rae1 Rc4 33. b3 Rc6 34. c4 Ne7 35. Bc1 Rcd6 36. Bf4 Rd3 37. Rb1 Rc8 38. Rd2 Rxd2 39. Bxd2 Rc6 40. Bc3 f6 41. Rd1 e5 42. Rd7 Ke8 43. Rb7 Nf5 44. Kf3 h5 45. Ke4 g6 46. Bd2 Ne7 47. Be3 Nc8 48. h4 Re6 49. c5 bxc5 50. Rc7 Ne7 51. Bxc5 f5+ 52. Kd3 Kd8 53. Rxe7 1-0

[Event "IECG CP.2002.Q.00015 email"]
[Site "IECG email"]
[Date "2003.10.01"]
[Round "?"]
[White "Lundberg, Kenneth"]
[Black "Jensen, John Oland"]
[Result "1-0"]
[WhiteElo "1811"]
[BlackElo "2050"]
[PlyCount "45"]
[EventDate "2003.10.01"]
[EventType "tourn (corr)"]
[EventRounds "10"]
[SourceTitle "Corr 2008"]
[Source "ChessBase"]
[SourceDate "2008.06.24"]
[SourceVersion "1"]
[SourceVersionDate "2008.06.24"]
[SourceQuality "1"]

1. e4 e6 2. d4 d5 3. Nd2 c5 4. Ngf3 cxd4 5. exd5 Qxd5 6. Bc4 Qd6 7. 0-0 Nf6 8. Nb3 Nc6 9. Nbxd4 Nxd4 10. Nxd4 a6 11. Re1 Qc7 12. Qe2 Bc5 13. c3 0-0 14. Bg5 Bxd4 15. cxd4 Nd5 16. Rac1 Qb6 17. Qg4 f5 18. Qf3 Qxd4 19. Bxd5 exd5 20. Rc7 f4 21. Ree7 Bf5 22. Bxf4 Rae8 23. Be5 1-0